| 000 | 00569nam a2200229Ia 4500 | ||
|---|---|---|---|
| 003 | OSt | ||
| 005 | 20221005132613.0 | ||
| 006 | a|||||r|||| 00| 0 | ||
| 007 | ta | ||
| 008 | 221004b |||||||| |||| 00| 0 mal d | ||
| 024 | _a55058 | ||
| 037 | _cTextual | ||
| 040 |
_aCRL _cCRL _bmal |
||
| 041 |
_2mal _amal |
||
| 082 | _aO32,1M77:g, M3 | ||
| 100 |
_aKoyithatta _9641391 |
||
| 245 | 0 | _aUjwalasabdam | |
| 260 | _c1983 | ||
| 650 |
_aMALAYALAM LITERATURE _938866 |
||
| 942 |
_hO32,1M77:g, M3 _cTEXL _2cc |
||
| 999 |
_c1064169 _d1064169 |
||